| 000 | 00761nam a2200301Ia 4500 | ||
|---|---|---|---|
| 003 | OSt | ||
| 005 | 20221006145720.0 | ||
| 006 | a|||||r|||| 00| 0 | ||
| 007 | ta | ||
| 008 | 221006b |||||||| |||| 00| 0 eng d | ||
| 020 | _c99.00 | ||
| 024 | _a15,741 | ||
| 037 | _cTextual | ||
| 040 |
_aEASL _cEASL _beng |
||
| 041 |
_2eng _aeng |
||
| 082 | _aW.41.N72, L31 | ||
| 100 | _aHINTON Harold C | ||
| 245 | 0 | _aIntroduction to Chinese politics | |
| 260 |
_aNewton _bAbbot David & Cahrles _c1973 |
||
| 300 |
_a323p. _ccm. |
||
| 490 | _v RS | ||
| 650 |
_a CPC _9655059 |
||
| 650 | _a Cultural Revolution | ||
| 650 |
_a PLA _9655060 |
||
| 650 | _aCEL | ||
| 942 |
_hW.41.N72, L31 _cTEXL _2CC |
||
| 999 |
_c1083827 _d1083827 |
||